Fyodor Dostoyevsky Novels Quiz Stats

 Plays Quiz Updated Nov 11, 2014

Score 0/14 Timer 07:00
1 Play Today
Year Novel/Novella % Correct
1866Crime and Punishment
94.4%
1881The Brothers Karamazov
82.4%
1869The Idiot
70.5%
1864Notes from Underground
52.2%
1872Demons
40%
1867The Gambler
34.7%
1846The Double
26.1%
Year Novel/Novella % Correct
1846Poor Folk
23.7%
1862The House of the Dead
23.2%
1875The Adolescent
17.3%
1870The Eternal Husband
11.8%
1861Humiliated and Insulted
11.2%
1859The Village of Stepanchikovo
8.2%
1859Uncle's Dream
8%

You're not logged in!

Compare scores with friends on all Sporcle quizzes.
OR
Log In

Sporcle TV

Today on Sporcle TV


Watch our educational content, quiz creation guides, and fun videos on Sporcle TV.

Show Comments

Extras

Top Quizzes Today


Score Distribution

Your Account Isn't Verified!

In order to create a playlist on Sporcle, you need to verify the email address you used during registration. Go to your Sporcle Settings to finish the process.

Report this User

Report this user for behavior that violates our Community Guidelines.

Details: